00658nam a2200157 a 450000100100000000500170001000800410002704000250006810000270009324501180012026000810023830000200031971000390033995201050037899900170048300004174020201002035728.0131016s1999 dr 000 0 spa d aDO-SdBNPbspacBNPHU1 aAbreu, Fabio A.96858514aLos derechos y deberes del ciudadano dominicano en la cotidianidad /cFabio A. Abreu, Ricardo González Camacho. aSanto Domingo m :bPontificia Universidad Católica Madre y Maestra,c1999. a28 p. ;c21 cm.2 aGonzález Camacho, Ricardo968586 0010718PDaGRbGRcCTd2013-10-16iLF1l0o p41740-10r2020-06-25w2020-06-25yLFPDZNo se presta c41229d41229